| 000 | 00756nam a22002297a 4500 | ||
|---|---|---|---|
| 999 |
_c10741 _d10741 |
||
| 001 | 10741 | ||
| 003 | BD-JhCC | ||
| 005 | 20190314134007.0 | ||
| 008 | 180816s2014 bg |||| |||| 000 0 ben d | ||
| 020 | _a9847030100215 | ||
| 035 | _a(BD-JhCC)10741 | ||
| 040 |
_aBD-JhCC _dBD-JhCC |
||
| 041 | _aben | ||
| 082 |
_a641.5 _bBIS 2014 |
||
| 100 | _aবিশ্বাস, ইরানী | ||
| 245 |
_aরকমারি রসনা বিলাস / _cইরানী বিশ্বাস, |
||
| 260 |
_aঢাকা : _bঐশী পাবলিকেশন্স, _c২০১৪. |
||
| 300 |
_a১৬৮ পৃ. : _bচিত্রাবলী সংযোজীত, _c২১ সেমি |
||
| 650 | _aCooking | ||
| 650 | _aFood | ||
| 942 |
_2ddc _cBK _01 |
||